01259cam a2200361 i 45000010008000000030009000080050017000170070008000340080040000420150006000820170009000880350006000970400025001030800006001280820024001341000021001582400060001792450190002392500012004292600031004413000025004725000022004975040055005196500018005747000021005927000049006139100037006629420012006999450027007119520117007389560025008559990017008800000575DO-SdBNP20171110115021.00000575100514s 1970 sp a 000 f spa  a  a b  a  aBPMSUbspacBPMSUe  a  4a618.1bN935g, `19701 aNovak, Edmund R.10aNovak´s gynecologic and obstetric pathologylEspañol10aGinecóloga y obstetricia :btratado anatomopatológico, clínico y endocrinológico, de Novak /cEdmund R. Novak, Donald Woodruff ; traducción Manuel Martinez de Victoria Juguera a3a. ed.0 aMadrid :bAlhambra,c1970. a768 p. : bil.c22 m aIncluye índice  aIncluye bibliografía al final de los capítulos 4aGINECOLOGÍA12aWoodruff, Donald12aMartinez de Victoria Juguera, Manuel etrad. aValidado. Control de calidad MFF 2ddccBK aInventariado, 2017/MFF 00102ddc40708CGaBPMETbBPMETd2016-07-27eSellarl0o618.1 N935gpBPMSU16070667r2016-07-27w2016-07-27yBK aYLOCKWARD810cBPMSU c11039d11039